00495nam a22001697a 4500003000400000020001800004082001800022100002300040245004200063260004900105300001900154650004600173650003500219650002600254650002400280650002100304OSt a9789381450574 a631.4bPAL/SO aPal, Susanta Kumar aSoil sampling and methods of analysis aNew DelhibNew India Publishing Agencyc2013 aiX, 315 Pages; aCollection and processing of soil samples aSoil texture and texural class aFlow of water in soil aSoil organic matter aNitrogen in soil